Statistics for Depression & Obsession Lyrics

Click here to take the quiz!

General Stats

  • This quiz has been taken 9 times
  • The average score is 71 of 205

Answer Stats

HintAnswer% Correct
and
100%
Verse 1Depression
100%
depression
100%
I
100%
obsession
100%
do
83%
mix
83%
think
83%
we
83%
( well )
83%
well
83%
you
83%
all
67%
don't
67%
hollywood
67%
motels
67%
the
67%
with
67%
her
50%
i'm
50%
just
50%
obsessed
50%
ate
33%
body
33%
feel
33%
hell
33%
hill
33%
hooked
33%
inside
33%
let
33%
lips
33%
make
33%
met
33%
my
33%
now
33%
our
33%
out
33%
stomach
33%
talkin'
33%
turnin'
33%
where
33%
na
17%
IntroNa
17%
poisoned
17%

Score Distribution

Percentile by Number Answered

Percent of People with Each Score

Your Score History

You have not taken this quiz